სერ ოლივერ უორდროპი 150 / (ბიბ.ჩანაწერი № 52712)
[ მარტივი ფორმატი ]
| 000 -ლიდერი | |
|---|---|
| ფიქსირებული სიგრძის საკონტროლო ველი | 02332nam a2200277Ia 4500 |
| 001 - საკონტროლო ნომერი | |
| საკონტროლო ველი | 19737 |
| 003 - საკონტროლო ნომრის იდენტიფიკატორი | |
| საკონტროლო ველი | GE_BSU |
| 005 - ბოლო ოპერაციის თარიღი და დრო | |
| საკონტროლო ველი | 20200416145341.0 |
| 008 - ფიქსირებული სიგრძის მონაცემთა ელემენტები - ზოგადი ინფორმაცია | |
| ფიქსირებული სიგრძის საკონტროლო ველი | 181216s2015||||ge |||||||||||||| ||geo|| |
| 020 ## - წიგნის საერთაშორისო სტანდარტული ნომერი | |
| International Standard Book Number | 9789941082160 |
| 040 ## - კატალოგიზაციის წყარო | |
| Transcribing agency | GE_BSU |
| 041 ## - ენის კოდი | |
| Language code of text/sound track or separate title | geo |
| 080 ## - უნივერსალური ათობითი კლასიფიკაციის ინდექსი | |
| Universal Decimal Classification number | 327(410)(092) ს-42 |
| 245 ## - ცნობა სათაურის შესახებ | |
| Title | სერ ოლივერ უორდროპი 150 / |
| Statement of responsibility, etc | ბექა კობახიძე შემდგენელ - რედაქტორი ; მთარგმნელი სალომე ბენიძე. |
| 264 ## - წარმოების, გამოცემის, დისტრიბუციის და სხვა ცნობები | |
| გამოცემის, წარმოების, დისტრიბუციის... ადგილი | თბილისი : |
| გამოცემის, წარმოების, დისტრიბუციის... სახელწოდება | შპს ირიდა, |
| გამოცემის, წარმოების, დისტრიბუციის... თარიღი | 2015. |
| 300 ## - ფიზიკური აღწერა | |
| Extent | 328 გვ. ; |
| Other physical details | ფოტო ; |
| Dimensions | 25 სმ. |
| 500 ## - ზოგადი შენიშვნა | |
| General note | წინა ყდაზე : საქართველოს საგარეო საქმეთა მინისტრი - წინა წინა ყდაზე : საქართელოს საგარეო საქმეთა მინისტრი – ევგენი გეგეჭკორი და დიდი ბრიტანეთის უმაღლესი კომისარი – სერ ოლივერ უორდროპი ტფილისში 1919 წლის 30 აგვისტოს მოწყობილ დახვედრაზე, უკანა ყდაზე სერ ოლივერ უორდროპი - მისი უდიდებულესობის გენერალური კონსული სტრასბურგში, 1925 წელი. |
| 520 ## - SUMMARY, ETC. | |
| Summary, etc | გარეკანი და ტექსტი აგრეთვე ინგლისურ ენაზე |
| 653 ## - INDEX TERM--UNCONTROLLED | |
| Uncontrolled term | ინგლისელი დიპლომატები |
| 653 ## - INDEX TERM--UNCONTROLLED | |
| Uncontrolled term | საქართველო–დიდი ბრიტანეთის საგარეო ურთიერთობების ისტორია |
| 653 ## - INDEX TERM--UNCONTROLLED | |
| Uncontrolled term | საერთაშორისო ურთიერთობანი |
| 653 ## - INDEX TERM--UNCONTROLLED | |
| Uncontrolled term | საგარეო პოლიტიკა |
| 700 ## - ADDED ENTRY--PERSONAL NAME | |
| Personal name | ბექა კობახიძე |
| Relator term | შემდგენელ – რედაქტორი |
| 9 (RLIN) | 7918 |
| 700 ## - ADDED ENTRY--PERSONAL NAME | |
| Personal name | სალომე ბენიძე |
| Relator term | მთარგმნელი |
| 9 (RLIN) | 7919 |
| 942 ## - ADDED ENTRY ELEMENTS (KOHA) | |
| Koha item type | წიგნი |
| Source of classification or shelving scheme | |
| ჩამოწერის სტატუსი | დაკარგული ეგზემპლარის სტატუსი | კლასიფიკაციის წყარო ან თაროზე გაწყობის სქემა | დაზიანების სტატუსი | არ გაიცემა | მუდმივი მდებარეობა (დაცვის ადგილი) | ამჟამინდელი ადგილსამყოფელი | თაროზე განთავსების ადგილი | შეძენის თარიღი | სრული შენახვის შიფრი | შტრიხკოდი | ბოლო ოპერაციის თარიღი | ეგზემპლარის მიმდევრობითი ნომერი (კეტერი?) | ფასის ძალაში შესვლის თარიღი | ეგზემპლარის სახეობა |
|---|---|---|---|---|---|---|---|---|---|---|---|---|---|---|
| ბათუმის შოთა რუსთაველის სახელმწიფო უნივერსიტეტის მთავარი ბიბლიოთეკა | ბათუმის შოთა რუსთაველის სახელმწიფო უნივერსიტეტის მთავარი ბიბლიოთეკა | წიგნსაცავი | 2018-12-17 | 327(410)(092) ს-42 | 52074 | 2018-12-17 | 52074 | 2018-12-17 | წიგნი |
